000 00478nam a2200169Ia 4500
008 210719s1994 xx 000 0 und d
020 _a0-07-096581-1
041 _aeng
082 _a339 RANP
100 _aRANGARAJAN (C);DHOLAKIA (B H)
245 _aPrinciples of macroeconomics
260 _aNew Delhi
_bTata McGraw-Hill Publishing Company Ltd.
_c1994
300 _axi,223
_bPB
650 _aEconomics
650 _aMacroeconomics
906 _amacroeconomics ; Principles
999 _c216082
_d216082